Т. 2, № 1; Акустический журнал

Bibliografske podrobnosti
Parent link:Акустический журнал: научно-технический журнал/ Академия наук СССР (АН СССР). Т. 2, № 1.— , 1955-.— 0320-7919
Jezik:ruščina
Izdano: 1956
Format: Knjiga
KOHA link:https://koha.lib.tpu.ru/cgi-bin/koha/opac-detail.pl?biblionumber=471383

MARC

LEADER 00000nam2a2200000 4500
001 471383
005 20231101091619.0
035 |a (RuTPU)RU\TPU\prd\136945 
035 |a RU\TPU\prd\136917 
090 |a 471383 
100 |a 20120406a19569999k y0rusy50 ca 
101 0 |a rus 
102 |a RU 
200 0 |a Т. 2, № 1 
210 |d 1956 
461 1 |0 (RuTPU)RU\TPU\prd\1298  |x 0320-7919  |t Акустический журнал  |o научно-технический журнал  |f Академия наук СССР (АН СССР)  |v Т. 2, № 1  |d 1955- 
801 0 |a RU  |b 63413507  |c 20010227  |g PSBO 
801 1 |a RU  |b 63413507  |c 20120302 
801 2 |a RU  |b 63413507  |c 20190423  |g RCR 
942 |c BK 
999 |a НТБ_ТПУ  |b НФ  |e -4/20120110  |p П-5887  |u 0,00  |v 1  |y 13821000849597